Industrial market prospects (Record no. 76335)

MARC details
000 -LEADER
fixed length control field 01044cab a2200169 4500
001 - CONTROL NUMBER
control field ##L132130
008 - FIXED-LENGTH DATA ELEMENTS--GENERAL INFORMATION
fixed length control field 060112n2005 000 0 eng u
035 ## - SYSTEM CONTROL NUMBER
System control number (Sirsi) u132130
041 0# - LANGUAGE CODE
Language code of text/sound track or separate title eng
100 1# - MAIN ENTRY--PERSONAL NAME
Personal name Morley, Stuart
245 00 - TITLE STATEMENT
Title Industrial market prospects
Remainder of title steady but dull
260 ## - PUBLICATION, DISTRIBUTION, ETC.
Date of publication, distribution, etc. 2005
490 #0 - SERIES STATEMENT
Series statement Property Forecast
Volume/sequential designation 8(12) December 2005, 10-11(2)
520 ## - SUMMARY, ETC.
Summary, etc. Forecast of the industrial property marketfor 2006. Argues that its rental growth at the rate of 1% pa has made little change in terms of performance over the last 24 years. Claims that its image has become safe, boring, predictable and lacking in the media attention of retail and office markets. Predicts that below economic growth will persist in 2006, however stronger growth in 2007, 2008 and 2009 is likely. Despite this, factors such as a lack of output gap, concerns about inflation, high consumer indebtedness, weak house price growth and lack of strong employment growth will prevent any future strong above trend.
690 ## - LOCAL SUBJECT ADDED ENTRY--TOPICAL TERM (OCLC, RLIN)
Topical term or geographic name as entry element PROPERTY
942 ## - ADDED ENTRY ELEMENTS (KOHA)
Suppress in OPAC 0
Holdings
Withdrawn status Lost status Source of classification or shelving scheme Damaged status Not for loan Home library Current library Shelving location Date acquired Total Checkouts Full call number Barcode Date last seen Copy number Price effective from Koha item type
    Dewey Decimal Classification     London London Books 12/01/2006   L132130 MOR 30071574 06/08/2019 1 06/08/2019 Journal article